| 000 | 00469nam a22001817a 4500 | ||
|---|---|---|---|
| 003 | OSt | ||
| 005 | 20180116183047.0 | ||
| 008 | 160721b xxu||||| |||| 00| 0 eng d | ||
| 020 | _a9788179925829 | ||
| 040 | _c0 | ||
| 082 | _a200.922 RIF 2010 | ||
| 100 | _aIRA RIFKIN | ||
| 245 |
_a75 People who Changed the World _cIRA RIFKIN |
||
| 260 |
_aDelhi _bJaico Publication _c2010 |
||
| 300 |
_a277 p. _bPB |
||
| 440 | _a75 People who Changed the World | ||
| 942 |
_2ddc _cBK |
||
| 999 |
_c351475 _d351475 |
||